Añada. Arrolo. Nana. Vou veri vou.
সংরক্ষণ করুন:
| বিন্যাস: | অজ্ঞাত |
|---|---|
| ভাষা: | Spanish |
| প্রকাশিত: |
Alianza Editorial : [editor no identificado],
1984.
|
| বিষয়গুলি: | |
| ট্যাগগুলো: |
ট্যাগ যুক্ত করুন
কোনো ট্যাগ নেই, প্রথমজন হিসাবে ট্যাগ করুন!
|
MARC
| LEADER | 000000000a22000000004500 | ||
|---|---|---|---|
| 001 | 002821 | ||
| 041 | 0 | |a spa | |
| 082 | 0 | 4 | |a 398.2 |b A532a |
| 245 | 0 | 0 | |a Añada. Arrolo. Nana. Vou veri vou. |
| 260 | 1 | |b Alianza Editorial : |b [editor no identificado], |c 1984. | |
| 300 | |a 147-175 páginas | ||
| 650 | 4 | |a LITERATURA FOLKLORICA | |
| 650 | 4 | |a MUSICA Y LITERATURA | |
| 650 | 4 | |a CANCIONES ESPAÑOLAS | |
| 650 | 4 | |a CANCIONES INFANTILES | |
| 650 | 4 | |a LITERATURA Y SOCIEDAD | |
| 999 | |c 9174 |d 9174 | ||
| 942 | |c BK |h 398.2 A532a |2 z | ||
